| 000 | 00682nam a2200169 a 4500 | ||
|---|---|---|---|
| 008 | 150223s2013 ||||||||||||||||| || u | ||
| 020 | _a9780323086974 | ||
| 050 | _aQP 101 Pap | ||
| 100 | _aPappano, Archilles J | ||
| 245 | 1 | 0 |
_aCardiovascular physiology. (10th ed.) _cBy Achilles J. Pappano [and] Withrow Gil Wier |
| 250 | _a10th ed. | ||
| 260 |
_aPhiladelphia _bElsevier/Mosby _c2013 |
||
| 300 | _axii, 292p.: ill. | ||
| 350 | _a47.95 | ||
| 650 | 3 | _aCARDIOVASCULAR PHYSIOLOGICAL PHENOMENA | |
| 995 |
_aMICHAEL CHILUFYA SATA OPEN ACCESS _e902916 _FCBU-SCHOOL OF MEDICINE LIBRARY (Ndola) _I47.95 _jQP 101 Pap _M1 _UAVAILABLE _WMar 16, 2015 _y902916 _ZMedical Library Open Access Collection |
||
| 999 |
_c30925 _d30925 |
||